000 00631 a2200193 4500
010 _aENG-88602
020 _a9788120332935
_c495.00
035 _aEN-72135
037 _bDBAD / PUB
082 1 4 _a658.8342
090 _c9032
_d9032
100 1 _aSolomon, Michael R.
245 1 _aConsumer behavior:
_cby Michael R. Solomon
_bbuying, having and being/
260 _aNew Delhi
_bPrentice-Hall of India
_c2007
300 _axviii, 654p. :
_c28cm (pbk)
_bill.
500 _aIncludes index.
942 _adpl
_cEN
_k658.8342 / SOL
999 _c8868
_d8868